LEADER 01319nam a2200277 u 4500 001 000000106266 003 CaOOAMICUS 005 20070712150328.0 008 070712s1970 it u000 u ita u 040 $aPUL$bita$dGP 041 1 $aita$heng 100 1 $aDodds, Eric Robertson,$d1893-1979.$0(OLS)http://pul/name/5306 240 10$aPagan and Christian in an Age of Anxiety.$lItaliano.$0(OLS)http://pul/title/77241 245 10$aPagani e cristiani in un'epoca di angoscia :$baspetti dell'esperienza religiosa da Marco Aurelio a Costantino /$cEric R. Dodds. 260 $aFirenze :$bLa Nuova Italia,$cc1970. 300 $ax, 145 p. ;$c20 cm. 490 1 $aBiblioteca di cultura ;$v92 500 $aContiene indici. 504 $aBibliografia in nota. 650 4$aChiesa$xStoria$yChiesa primitiva, ca. 30-600.$0(OLS)http://pul/subject/93 830 0$aBiblioteca di cultura ;$v92.$0(OLS)http://pul/title/132116 850 $aPUL 852 $aPUL$W1$xSL Filosofia 1$y2$m105 B 23$j119445$qStampati$B119258$CPULBib$Z2$F119258 $H41986 $82 941 1 $a8 996 $6245$aPagani e cristiani in un'epoca di angoscia :$baspetti dell'esperienza religiosa da Marco Aurelio a Costantino$9(OLS)http://pul/title/77242 996 $6260$aFirenze :$bLa Nuova Italia$9(OLS)http://pul/publisher/48361 LEADER 01427nam a2200277 u 4500 001 000000039822 003 CaOOAMICUS 005 20070226114032.0 008 980520s1914 it u000 u ita u 035 $a10795358 040 $aPUL(R)$bita 100 1 $aBonelli, Gustavo,$d1853-1926.$0(OLS)http://pul/name/29545 245 10$aCommentario al codice di commercio.$nIII,$pDella cambiale, dell'Assegno bancario e del Contratto di conto corrente /$cGustavo Bonelli. 246 30$aDella cambiale, dell'Assegno bancario e del Contratto di conto corrente 260 $aMilano :$bVallardi,$c[1914] 300 $a938 p. ;$c23 cm 490 1 $aBiblioteca giuridica contemporanea 650 4$aDiritto commerciale$zItalia.$0(OLS)http://pul/subject/1274 830 0$aBiblioteca giuridica contemporanea.$0(OLS)http://pul/title/466 850 $aPUL 852 $aPUL$W1$xDP2 Diritto e Scienze Sociali 1$y65$m173 F 34$j54212$nBK-PRI$av.3$qStampati$B54212$CPULBib$Z2$F54212 $H11740 $82 941 1 $a8 961 $aEx libris: Ill.mi Prof. Caietani Aprile. 996 $6245$aCommentario al codice di commercio.$nIII,$pDella cambiale, dell'Assegno bancario e del Contratto di conto corrente$9(OLS)http://pul/title/53871 996 $6246$aDella cambiale, dell'Assegno bancario e del Contratto di conto corrente$9(OLS)http://pul/title/53872 996 $6260$aMilano :$bVallardi$9(OLS)http://pul/publisher/47937